1993 1255 1573 1698 1905 1135 1613 1158 1471 1077 1597 1450 1710 1451 1316 1138 1705 1861 1005 1183 1052 1361 1980 1035 1024 1477 1632 1868 1749 1435 1870 1373 1967 1853 1793 1882 1353 1511 1763 1783 1659 1409 1186 1634 1596 1000 1642 1040 1608 1580 1929 1246 1705 1615 1303 1254 1657 1254 1941 1779 1956 1002 1152 1205 1937 1160 1247 1148 1163 1419 1161 1430 1337 1661 1572 1815 1218 1125 1861 1130 1115 1663 1697 1315 1575 1326 1408 1553 1440 1023 1654 1540 1655 1243 1996 1312 1663 1474 1786 BCNSPRNW ULIB Ver.6.0+V

เปลี่ยนเป็นภาษาไทย

Change to English
 แสดงรายละเอียดบรรณานุกรม
  กลับหน้าหลัก

Brief Record : Get Marc (ISO 2709) : E-mail record : QR code < ปิดหน้าต่าง
LEADER : 00000nam 2200000uu 4500
001    13399128477
003     ULIB
008    230830s2019||||th 000 0 tha d
020    ^a9781108681315 (pbk.)
050  4 ^aPE1128^bIA22
245 00 ^aIELTS 14 academic with answers :^bauthentic examinationtests /^c[Cambridge University Press]
260    ^aCambridge :^bCambridge University Press,^c2019
300    ^a141 p. :^bill. ;^c25 cm.
650  0 ^aInternational English Language Testing System^vStudyguides
650  0 ^aEnglish language^vTextbooks for foreign speakers
650  0 ^aEnglish language^xStudy and teaching
650  0 ^aEnglish language^xExaminations^vStudy guides
650  0 ^aEnglish language^vProblems, exercises, etc.
653    ^aIELTS
945    ^p1099^l0^i010221
999    ^aประนอม เกษจรัล
รายการนี้ยังไม่มีแท็ก
คุณยังไม่ได้ล็อกอิน คุณสามารถมีกิจกรรมร่วมกับเว็บไซต์ได้ แต่ต้องล็อกอินก่อน ::
  ล็อกอิน

รายการสื่อสารสนเทศ

ลำดับที่ ประเภท เลขเรียก/บาร์โค้ด สถานที่ สถานะ
1. การศึกษาทั่วไป
หนังสือสำรอง
สถานะ=หนังสือสำรอง
PE1128 IA22 ฉ.1 
  Barcode: 010221
ห้องสมุดวิทยาเขตสวรรค์ประชารักษ์
►หนังสือทั่วไป
ถูกยืม กำหนดส่งวันที่ 10 พฤศจิกายน 2568
  จอง

BibComment


ยังไม่เคยถูกคอมเมนท์

คอมเมนท์ทรัพยากรรายการนี้
  คอมเมนท์: IELTS 14 academi..


 Copyright 2026. Bcnsprnw @Library